ਸਿਹਤ ਲਣੀ ਯੋਗ / (Record no. 111170)

MARC details
000 -LEADER
fixed length control field 00950nam a22002417a 4500
010 ## - LIBRARY OF CONGRESS CONTROL NUMBER
LC control number B-079747
020 ## - INTERNATIONAL STANDARD BOOK NUMBER
International Standard Book Number 8171163483
Terms of availability 100.00
035 ## - SYSTEM CONTROL NUMBER
System control number B-079747
037 ## - SOURCE OF ACQUISITION
Stock number Cen Lib / Ret
040 ## - CATALOGING SOURCE
Original cataloging agency DPL
Language of cataloging PN
082 ## - DEWEY DECIMAL CLASSIFICATION NUMBER
Classification number 613.7
Item number ਗੁਰਮੁ
100 ## - MAIN ENTRY--PERSONAL NAME
Personal name ਗੁਰਮੁਖ ਸਿੰਘ
9 (RLIN) 133739
245 ## - TITLE STATEMENT
Title ਸਿਹਤ ਲਣੀ ਯੋਗ /
Statement of responsibility, etc ਗੁਰਮੁਖ ਸਿੰਘ
246 ## - VARYING FORM OF TITLE
Title proper/short title Sehat lai yog /
Remainder of title Gurmukh Singh
260 ## - PUBLICATION, DISTRIBUTION, ETC. (IMPRINT)
Place of publication, distribution, etc ਦਿੱਲੀ
Name of publisher, distributor, etc ਨੈਸ਼ਨਲ਼ ਬੂਕ ਸ਼ਾਪ
Date of publication, distribution, etc 2003
270 ## - ADDRESS
Address ਪਲਈਅਰ ਗਾਰਡਨ ਮਾਰਕਿਟ, ਚਾਂਦਨੀ ਚੋਕ ਦਿੱਲੀ
City ਦਿੱਲੀ
Postal code 110006
300 ## - PHYSICAL DESCRIPTION
Extent 142p ;
Other physical details 24cm
650 ## - SUBJECT ADDED ENTRY--TOPICAL TERM
Topical term or geographic name as entry element Yoga.
9 (RLIN) 133740
650 ## - SUBJECT ADDED ENTRY--TOPICAL TERM
Topical term or geographic name as entry element ਯੋਗਾ
9 (RLIN) 133741
650 ## - SUBJECT ADDED ENTRY--TOPICAL TERM
Topical term or geographic name as entry element ਸਿਹਤ ਅਤੇ ਫਿਟਨੈਸ - ਯੋਗਾ.
9 (RLIN) 133742
650 ## - SUBJECT ADDED ENTRY--TOPICAL TERM
Topical term or geographic name as entry element Health and Fitness -- Yoga
9 (RLIN) 133743
942 ## - ADDED ENTRY ELEMENTS (KOHA)
Source of classification or shelving scheme Dewey Decimal Classification
Koha item type Punjabi Bks
Classification part 613.7
Call number suffix ਗੁਰਮੁ
Holdings
Withdrawn status Lost status Damaged status Not for loan Home library Current library Date acquired Source of acquisition Cost, normal purchase price Total Checkouts Full call number Barcode Date last seen Copy number Cost, replacement price Price effective from Koha item type
        Central Library Central Library 15/02/2016 Cen Lib/Ret 100.00   613.7 ਗੁਰਮੁ B-079747 15/02/2016 1 100.00 15/02/2016 Punjabi Bks

© Delhi Public Library
Hit Counter
free hit counter